000 00302 a2200133 4500
999 _c12046
_d12046
003 OSt
005 20240117172557.0
008 240117b ||||| |||| 00| 0 eng d
020 _a9789881970763
082 _a747.8524
245 _aBank Interior
260 _bHI-DESIGN PUBLISHING
_c2012
942 _2ddc